[Event "VI. Berecz memorial B 2018"]
[Site "?"]
[Date "2018.12.27"]
[Round "1.1"]
[White "Gaal, Miklos"]
[Black "Hajdu, Istvan"]
[Result "0-1"]
[WhiteElo "1551"]
[BlackElo "1887"]
[PlyCount "110"]
[EventDate "2018.12.27"]

1. d4 d5 2. c4 c6 3. Nc3 Nf6 4. Nf3 dxc4 5. e4 b5 6. Be2 b4 7. Na4 Nxe4 8. Bxc4
e6 9. O-O Be7 10. Be3 O-O 11. Rc1 Bb7 12. Bd3 Qd5 13. Qc2 Nf6 14. Nc5 Bxc5 15.
dxc5 Qxa2 16. Bc4 Qa5 17. Rfd1 Nbd7 18. Bd3 Qc7 19. Ng5 h6 20. Nf3 Nd5 21. Bd2
a5 22. Nd4 Qe5 23. Nf3 Qf6 24. Re1 Rfd8 25. Re4 Ba6 26. Bxa6 Rxa6 27. Qc4 Raa8
28. Nd4 Rdc8 29. f4 Qg6 30. Qe2 N5f6 31. Re3 Qh5 32. Qf1 Ng4 33. Rh3 Qd5 34.
Nf3 Nxc5 35. Rg3 Ne4 36. Rxg4 Nxd2 37. Qf2 Nxf3+ 38. gxf3 Rd8 39. Rf1 Qd4 40.
f5 Qxf2+ 41. Rxf2 exf5 42. Rc4 Rd6 43. Re2 Kf8 44. Kf2 g6 45. Kg3 Ra6 46. Kf4
Rd5 47. Rec2 Rd6 48. Rc5 Ke7 49. h4 Kf6 50. Kg3 Re6 51. Kf2 Ke7 52. Kg3 Kd6 53.
Kf4 Re1 54. h5 Rd1 55. Re5 Rd4+ 0-1

[Event "VI. Berecz memorial B 2018"]
[Site "?"]
[Date "2018.12.27"]
[Round "1.2"]
[White "Varga, Gabor"]
[Black "Varga, Mihaly"]
[Result "1-0"]
[WhiteElo "1839"]
[BlackElo "1535"]
[PlyCount "61"]
[EventDate "2018.12.27"]

1. e4 c5 2. Nf3 Nc6 3. d4 cxd4 4. Nxd4 e6 5. Be3 a6 6. Nc3 Bb4 7. Nxc6 Bxc3+ 8.
bxc3 dxc6 9. Qg4 Qf6 10. O-O-O h5 11. Qg3 h4 12. Qc7 Qe7 13. Qb6 f6 14. Bc5 Kf7
15. Bxe7 Nxe7 16. Bc4 Re8 17. f4 Ng6 18. f5 Ne5 19. fxe6+ Kg6 20. Bb3 a5 21. a4
Ra6 22. Qf2 Bxe6 23. Bxe6 Rxe6 24. Rd8 c5 25. Rf8 Nd3+ 26. cxd3 Re5 27. Qxh4
Rh5 28. Qf4 Kh7 29. g4 Rg5 30. h4 Rg6 31. h5 1-0

[Event "VI. Berecz memorial B 2018"]
[Site "?"]
[Date "2018.12.27"]
[Round "1.3"]
[White "Vavro, Lajos"]
[Black "Balaban-Voia, Alexandru"]
[Result "0-1"]
[WhiteElo "1535"]
[BlackElo "1820"]
[PlyCount "88"]
[EventDate "2018.12.27"]

1. d4 b6 2. e3 Bb7 3. f4 e6 4. Nf3 f5 5. Be2 Nf6 6. O-O Be7 7. c4 O-O 8. Nc3 c5
9. d5 exd5 10. cxd5 d6 11. b3 Ne4 12. Bb2 Bf6 13. Rc1 Qe7 14. Nxe4 Bxb2 15. Rc2
fxe4 16. Ng5 Bf6 17. Ne6 Re8 18. g4 h6 19. Bb5 Rc8 20. Rg2 g5 21. h4 Ba6 22.
fxg5 hxg5 23. Bxa6 Nxa6 24. h5 Nc7 25. Rgf2 Bg7 26. Rf7 Qxf7 27. Rxf7 Kxf7 28.
Nxg5+ Ke7 29. Nxe4 Rf8 30. Ng3 Be5 31. Nf5+ Kd7 32. Qe2 Nxd5 33. Qb5+ Kc7 34.
Qd3 Nf6 35. Qe2 Nxg4 36. e4 Rae8 37. Kh1 Nf6 38. h6 Rh8 39. Qa6 Kb8 40. Qd3 Ng4
41. Nxd6 Nf2+ 42. Kg2 Nxd3 43. Nf5 Bf4 44. Kf3 Bxh6 0-1

[Event "VI. Berecz memorial B 2018"]
[Site "?"]
[Date "2018.12.27"]
[Round "1.4"]
[White "Bagi, Lajos"]
[Black "Kozak, Janos"]
[Result "1-0"]
[WhiteElo "1789"]
[BlackElo "1528"]
[PlyCount "107"]
[EventDate "2018.12.27"]

1. d4 d5 2. Nf3 Nf6 3. Nbd2 Bf5 4. e3 e6 5. Bd3 Bxd3 6. cxd3 c5 7. a3 Nc6 8.
dxc5 Bxc5 9. b4 Bd6 10. Bb2 O-O 11. Rc1 Rc8 12. O-O a6 13. e4 dxe4 14. dxe4 Bf4
15. Qe2 Bxd2 16. Nxd2 b5 17. Nb3 e5 18. Rc5 Re8 19. Rfc1 Qd7 20. Qc2 Red8 21.
h3 Ne7 22. Bxe5 Rxc5 23. Nxc5 Qc6 24. Bb2 h6 25. Qc3 Kf8 26. f4 Kg8 27. f5 Ne8
28. Qe5 Qd6 29. Nxa6 Qxe5 30. Bxe5 Rd3 31. Rc3 Rd1+ 32. Kf2 g6 33. f6 Nxf6 34.
Bxf6 Rd6 35. Bxe7 Rxa6 36. e5 g5 37. g4 Kh7 38. Ke3 Kg6 39. Ke4 h5 40. Kd5 Ra7
41. Rc6+ Kh7 42. Rc3 Rxe7 43. gxh5 Ra7 44. Kc6 Kh6 45. Kxb5 Kxh5 46. Kc6 Kg6
47. b5 Ra8 48. Kc7 Kf5 49. b6 Ra5 50. b7 Rb5 51. a4 Rxb7+ 52. Kxb7 Kxe5 53. a5
f5 54. a6 1-0

[Event "VI. Berecz memorial B 2018"]
[Site "?"]
[Date "2018.12.27"]
[Round "1.5"]
[White "Panda, Barnabas"]
[Black "Toth, Sandor Sr."]
[Result "1-0"]
[WhiteElo "1516"]
[BlackElo "1776"]
[PlyCount "67"]
[EventDate "2018.12.27"]

1. d4 d5 2. c4 e6 3. Nc3 Nf6 4. Nf3 Be7 5. e3 O-O 6. Bd3 dxc4 7. Bxc4 a6 8. a3
b5 9. Bb3 Bb7 10. O-O Nbd7 11. Re1 Rc8 12. e4 Nb6 13. Bg5 h6 14. Bxf6 Bxf6 15.
e5 Be7 16. Ne4 Bd5 17. Bxd5 Nxd5 18. Rc1 c6 19. Nc5 a5 20. Qd2 Qc7 21. Re4 Rfd8
22. Rg4 Kh8 23. Ne4 f5 24. exf6 Nxf6 25. Nxf6 Bxf6 26. Qe3 Qd7 27. Ne5 Bxe5 28.
Qxe5 Re8 29. Re1 Re7 30. Rg6 Kh7 31. Rxe6 Rce8 32. Rxe7 Rxe7 33. Qxe7 Qxd4 34.
Qe4+ 1-0

[Event "VI. Berecz memorial B 2018"]
[Site "?"]
[Date "2018.12.27"]
[Round "1.6"]
[White "Ver, Imre"]
[Black "Szamko, Szabolcs"]
[Result "0-1"]
[WhiteElo "1766"]
[BlackElo "1485"]
[PlyCount "112"]
[EventDate "2018.12.27"]

1. d4 e6 2. c4 d5 3. Nc3 dxc4 4. e4 c5 5. d5 exd5 6. exd5 Nf6 7. Bxc4 Nbd7 8.
Bg5 Nb6 9. b3 Be7 10. Nf3 Bg4 11. O-O O-O 12. a4 Nfxd5 13. Nxd5 Bxg5 14. Nxb6
Qxb6 15. Qd5 Bf6 16. Qe4 Bxf3 17. Qxf3 Bxa1 18. Rxa1 Rae8 19. Rd1 Qg6 20. Qxb7
Qb6 21. Qf3 Re7 22. g3 Rd8 23. Rd5 Rxd5 24. Qxd5 g6 25. h4 Qb7 26. Kg2 Qxd5+
27. Bxd5 Kg7 28. f4 f5 29. Kf3 h5 30. Bc4 Kf8 31. Bb5 Kf7 32. a5 Ke6 33. Bc4+
Kd6 34. Kf2 Kd7 35. Kf3 Ke8 36. Kf2 Kf8 37. Kf3 Re1 38. Kf2 Ra1 39. a6 Rd1 40.
Ke2 Rd6 41. Ke3 Ke7 42. Bd3 Kd7 43. Kd2 Kc6 44. Kc3 Rxd3+ 45. Kxd3 Kb5 46. Kc3
Kxa6 47. Kc4 Kb6 48. Kd5 Kb5 49. Ke6 Kb4 50. Kf6 Kxb3 51. Kxg6 c4 52. Kxf5 c3
53. Kg5 c2 54. Kxh5 c1=Q 55. f5 Qc7 56. Kg4 a5 0-1

[Event "VI. Berecz memorial B 2018"]
[Site "?"]
[Date "2018.12.27"]
[Round "1.7"]
[White "Arvai, Benedek"]
[Black "Nagy, Lajos"]
[Result "1/2-1/2"]
[WhiteElo "1472"]
[BlackElo "1765"]
[PlyCount "96"]
[EventDate "2018.12.27"]

1. e4 e5 2. Nf3 Nc6 3. Bc4 Bc5 4. c3 Nf6 5. d4 exd4 6. cxd4 Bb4+ 7. Bd2 Bxd2+
8. Nbxd2 d5 9. exd5 Nxd5 10. O-O O-O 11. Re1 Nb6 12. Bb3 Nxd4 13. Ne4 Nxb3 14.
Qxb3 Be6 15. Qc2 h6 16. Nc5 Bd5 17. Rad1 Re8 18. Qf5 Rxe1+ 19. Rxe1 Qd6 20. Nb3
Be6 21. Qc2 Rd8 22. h3 Qf4 23. Qc3 Bd5 24. Re7 Bxf3 25. Qxf3 Qxf3 26. gxf3 Nd5
27. Re4 f5 28. Ra4 a6 29. Nc5 Nb6 30. Rf4 Rd2 31. Rxf5 Rxb2 32. Nxb7 Rxa2 33.
Rc5 Na8 34. Kg2 Rb2 35. Nd8 Rb5 36. Rc6 a5 37. Ra6 Nb6 38. Nc6 a4 39. Ra7 Kh7
40. Nd4 Rg5+ 41. Kh2 Rd5 42. Ne6 Rd7 43. Nc5 Rd4 44. Ne6 Rc4 45. Nxc7 a3 46.
Nb5 Rc2 47. Rxa3 Rxf2+ 48. Kg3 Rb2 1/2-1/2

[Event "VI. Berecz memorial B 2018"]
[Site "?"]
[Date "2018.12.27"]
[Round "1.8"]
[White "Fridrik, Richard"]
[Black "Toth, Lili"]
[Result "1-0"]
[WhiteElo "1751"]
[BlackElo "1436"]
[PlyCount "73"]
[EventDate "2018.12.27"]

1. e4 c6 2. d4 d5 3. exd5 cxd5 4. Bd3 Nc6 5. c3 Nf6 6. f4 Bg4 7. Nf3 g6 8. O-O
Bg7 9. h3 Bxf3 10. Qxf3 e6 11. a4 O-O 12. b4 a6 13. Ba3 Re8 14. Nd2 Nd7 15.
Rae1 Qc7 16. Bb2 Kh8 17. Rf2 Rad8 18. Rfe2 Nf8 19. f5 Qe7 20. Nb3 e5 21. b5 Nb8
22. dxe5 gxf5 23. Qxf5 Ng6 24. e6 f6 25. Qh5 Nf8 26. Nd4 Rc8 27. Nf5 Qc5+ 28.
Kh1 Qc7 29. e7 Ng6 30. Nh4 Kg8 31. Nxg6 hxg6 32. Bxg6 Rxe7 33. Rxe7 Qxe7 34.
Rxe7 Kf8 35. Rxg7 Kxg7 36. Qh7+ Kf8 37. Qf7# 1-0

[Event "VI. Berecz memorial B 2018"]
[Site "?"]
[Date "2018.12.27"]
[Round "1.9"]
[White "Varga, Szilvia"]
[Black "Fekete, Alex"]
[Result "0-1"]
[WhiteElo "1426"]
[BlackElo "1747"]
[PlyCount "80"]
[EventDate "2018.12.27"]

1. e4 c5 2. Nf3 Nc6 3. Nc3 d6 4. d4 cxd4 5. Nxd4 Bd7 6. Nxc6 Bxc6 7. Bd3 g6 8.
O-O Bg7 9. Bd2 Nf6 10. Re1 O-O 11. Qc1 Re8 12. Bf4 Nd7 13. Bd2 Rc8 14. Rb1 Nc5
15. Bb5 Bxb5 16. Nxb5 Nd3 17. Qd1 Nxe1 18. Qxe1 Qb6 19. Nc3 Qc6 20. Qe3 a6 21.
a3 Qc5 22. Qxc5 Rxc5 23. h3 e6 24. Be3 Rc6 25. Bd2 b5 26. Rc1 Rec8 27. Kf1 Rc4
28. f3 Bxc3 29. Bxc3 Rxc3 30. bxc3 Rxc3 31. Rd1 Rxa3 32. Rxd6 Rc3 33. Rxa6 Rxc2
34. Ra1 Rb2 35. g3 b4 36. Ra5 b3 37. Rb5 Rb1+ 38. Kg2 Kg7 39. Kf2 b2 40. Ke2
Rh1 0-1

[Event "VI. Berecz memorial B 2018"]
[Site "?"]
[Date "2018.12.27"]
[Round "1.10"]
[White "Sipos, Kalman"]
[Black "Vadkerti, Vince"]
[Result "1-0"]
[WhiteElo "1706"]
[BlackElo "1407"]
[PlyCount "137"]
[EventDate "2018.12.27"]

1. e4 d5 2. exd5 Nf6 3. Bb5+ Bd7 4. Be2 Nxd5 5. Nf3 e6 6. c4 Nf6 7. O-O Be7 8.
d4 O-O 9. Nc3 c5 10. d5 exd5 11. cxd5 Bc8 12. h3 b6 13. Bc4 Bb7 14. Bf4 Bd6 15.
Qd2 a6 16. a4 Re8 17. Rfe1 Rf8 18. Rad1 h6 19. Ne4 Bxf4 20. Qxf4 Nbd7 21. Qd6
Nxe4 22. Rxe4 Nf6 23. Qxd8 Raxd8 24. Re7 Bxd5 25. Bxa6 Bxf3 26. Rxd8 Rxd8 27.
gxf3 Rd2 28. b3 Rd7 29. Re1 Kf8 30. Kg2 Re7 31. Rd1 Rd7 32. Rc1 Rd6 33. Bb5 Ke7
34. Bc4 Nd5 35. Kf1 f6 36. Re1+ Kd7 37. Bb5+ Kc7 38. Kg1 g6 39. Kh2 h5 40. Kg3
g5 41. h4 Kb7 42. hxg5 fxg5 43. Re5 Nc7 44. Re7 Rg6 45. Rh7 h4+ 46. Kg4 Kb8 47.
Bd3 Rd6 48. Be4 Rd8 49. Kxg5 Ne6+ 50. Kxh4 Rd6 51. Rh5 Rd1 52. Rh8+ Kc7 53.
Rh7+ Kb8 54. Rb7+ Kc8 55. Rxb6 Rh1+ 56. Kg4 Rg1+ 57. Kf5 Nd4+ 58. Kf4 Ne2+ 59.
Ke3 Nc3 60. Rc6+ Kd7 61. Rxc5 Rc1 62. Kd3 Ne2 63. Rd5+ Ke6 64. Kxe2 Rc3 65. Rd2
Ke5 66. Rd5+ Ke6 67. Rd3 Rc2+ 68. Ke3 Ke5 69. Rd5+ 1-0

[Event "VI. Berecz memorial B 2018"]
[Site "?"]
[Date "2018.12.27"]
[Round "1.11"]
[White "Kis, Izabella"]
[Black "Beretka, Csaba"]
[Result "1/2-1/2"]
[WhiteElo "1374"]
[BlackElo "1690"]
[PlyCount "42"]
[EventDate "2018.12.27"]

1. e4 e6 2. d4 d5 3. exd5 exd5 4. Bf4 Nf6 5. Nf3 Bb4+ 6. c3 Bd6 7. Bxd6 Qxd6 8.
Bd3 O-O 9. O-O Bg4 10. Nbd2 Nbd7 11. Qc2 Bh5 12. Rfe1 Rfe8 13. Rac1 Bg6 14. h3
Nh5 15. Bxg6 hxg6 16. Rxe8+ Rxe8 17. Re1 Rxe1+ 18. Nxe1 Qe7 19. Ndf3 Ndf6 20.
Qd2 Qe4 21. Qd3 c6 1/2-1/2

[Event "VI. Berecz memorial B 2018"]
[Site "?"]
[Date "2018.12.27"]
[Round "1.12"]
[White "Kocsmar, Akos"]
[Black "Koszo, Ferenc"]
[Result "1-0"]
[WhiteElo "1690"]
[BlackElo "1365"]
[PlyCount "141"]
[EventDate "2018.12.27"]

1. d4 d5 2. c4 c6 3. Nf3 Nf6 4. g3 Bf5 5. Bg2 h6 6. Qb3 Qb6 7. c5 Qxb3 8. axb3
e6 9. b4 Nbd7 10. Nc3 Ne4 11. O-O Nxc3 12. bxc3 Be4 13. Nd2 Bxg2 14. Kxg2 a6
15. c4 g6 16. Bb2 Bg7 17. e4 Nf6 18. f3 O-O 19. cxd5 exd5 20. Rfe1 Rfe8 21. e5
Nh7 22. Nb3 Ng5 23. Na5 Re7 24. h4 Ne6 25. f4 h5 26. f5 gxf5 27. Rf1 Kh7 28.
Rxf5 Kg6 29. Raf1 Rf8 30. Nb3 f6 31. exf6 Rxf6 32. R5f3 Rxf3 33. Rxf3 Nf8 34.
Kf2 Re4 35. Re3 Kf5 36. Rf3+ Kg6 37. Rd3 Kf5 38. Na5 Re7 39. Rf3+ Kg6 40. Re3
Ne6 41. Nxb7 Rf7+ 42. Kg2 Nxd4 43. Nd6 Rf8 44. Re7 Kh7 45. Rxg7+ Kxg7 46. Bxd4+
Kg6 47. Bc3 Rb8 48. Kf3 Rf8+ 49. Ke3 Rf1 50. Ke2 Rf8 51. Bd2 Rb8 52. Ke3 Rf8
53. Ke2 Rb8 54. Kd3 Rf8 55. Bf4 Rb8 56. Kc3 Kh7 57. Nc4 Rc8 58. Ne5 Kg7 59. Kd4
Kf6 60. Nxc6 Rxc6 61. Kxd5 Re6 62. c6 Kf7 63. c7 Re8 64. Kd6 Re6+ 65. Kd7 Re7+
66. Kc6 Re8 67. Kb7 Re7 68. Kb8 Re8+ 69. c8=Q Rxc8+ 70. Kxc8 Ke6 71. Kb7 1-0

[Event "VI. Berecz memorial B 2018"]
[Site "?"]
[Date "2018.12.27"]
[Round "1.13"]
[White "Szamko, Hanna"]
[Black "Kapicakova, Lucia"]
[Result "1/2-1/2"]
[WhiteElo "1347"]
[BlackElo "1655"]
[PlyCount "57"]
[EventDate "2018.12.27"]

1. e4 c6 2. d4 d5 3. exd5 cxd5 4. Bf4 Bf5 5. Nd2 Nf6 6. Ngf3 e6 7. Bb5+ Nbd7 8.
Ne5 a6 9. Bxd7+ Nxd7 10. Nef3 Be7 11. h3 Rc8 12. c3 b5 13. a3 Nb6 14. g4 Bd3
15. Ne5 Be4 16. f3 Bh4+ 17. Kf1 Bg6 18. Kg2 f6 19. Nxg6 hxg6 20. Qe2 Kd7 21.
Nb3 Na4 22. Qc2 f5 23. Be5 Bf6 24. Bf4 g5 25. Bg3 g6 26. Rab1 Rh7 27. Qe2 f4
28. Bf2 Qe7 29. Qd3 1/2-1/2

[Event "VI. Berecz memorial B 2018"]
[Site "?"]
[Date "2018.12.27"]
[Round "1.14"]
[White "Kadnar, Emil"]
[Black "Csikos, Adam"]
[Result "1/2-1/2"]
[WhiteElo "1638"]
[BlackElo "1331"]
[PlyCount "75"]
[EventDate "2018.12.27"]

1. e4 c5 2. Bc4 Nc6 3. Nf3 e6 4. Nc3 Nd4 5. d3 Ne7 6. a3 d5 7. Bb5+ Nxb5 8.
Nxb5 Qa5+ 9. Nc3 d4 10. Bd2 dxc3 11. Bxc3 Qd8 12. O-O Nc6 13. h3 Nd4 14. Ne5
Qd6 15. f4 b5 16. b4 Be7 17. bxc5 Qxc5 18. Bxd4 Qxd4+ 19. Kh1 Bd7 20. Qe2 Rc8
21. c4 Bd6 22. Nxd7 Kxd7 23. cxb5 Rc3 24. a4 Rhc8 25. e5 Be7 26. Qh5 f6 27.
Qxh7 fxe5 28. Qxg7 Rxd3 29. fxe5 Rd2 30. Rac1 Rc5 31. Rxc5 Qxc5 32. h4 Re2 33.
Rf7 Re1+ 34. Kh2 Rxe5 35. Rxe7+ Qxe7 36. Qxe5 Qxh4+ 37. Kg1 Qxa4 38. Qc5
1/2-1/2

[Event "VI. Berecz memorial B 2018"]
[Site "?"]
[Date "2018.12.27"]
[Round "1.15"]
[White "Ernst, Robert"]
[Black "Abraham, Lajos"]
[Result "1/2-1/2"]
[WhiteElo "1329"]
[BlackElo "1629"]
[PlyCount "127"]
[EventDate "2018.12.27"]

1. e4 c5 2. Nf3 Nc6 3. d4 cxd4 4. Nxd4 a6 5. Nc3 e6 6. Be3 Be7 7. Be2 Bf6 8.
O-O Nge7 9. f4 d6 10. Nf3 b5 11. a3 O-O 12. Qe1 Qa5 13. b4 Qc7 14. Bd2 e5 15.
fxe5 Nxe5 16. Nxe5 Bxe5 17. Rc1 Bb7 18. Bf3 Rac8 19. Nd1 d5 20. g3 dxe4 21.
Bxe4 Bxe4 22. Qxe4 f5 23. Qe1 Nd5 24. Ne3 Bd4 25. Kg2 Nxe3+ 26. Bxe3 Qc6+ 27.
Kg1 Rce8 28. Bxd4 Rxe1 29. Rfxe1 Re8 30. Rxe8+ Qxe8 31. Kf2 Qh5 32. h4 f4 33.
c3 Qg4 34. Rg1 g6 35. Be5 fxg3+ 36. Bxg3 Qe4 37. Rc1 Qd3 38. Re1 Kf7 39. Re3
Qd2+ 40. Re2 Qxc3 41. Re3 Qb2+ 42. Kf3 Kf6 43. Bf4 Kf5 44. Bg3 h6 45. Rd3 g5
46. hxg5 hxg5 47. Rd5+ Kg6 48. Rd6+ Kh5 49. Rxa6 Qc3+ 50. Kg2 Kg4 51. Bf2 Qh3+
52. Kg1 Qc3 53. Kg2 Kf4 54. Ra7 g4 55. Rf7+ Ke4 56. Re7+ Kd5 57. Re3 Qc1 58.
Rg3 Qd1 59. Re3 Kc4 60. Rg3 Qd5+ 61. Kg1 Qd1+ 62. Kg2 Qd5+ 63. Kg1 Qd1+ 64. Kg2
1/2-1/2

[Event "VI. Berecz memorial B 2018"]
[Site "?"]
[Date "2018.12.27"]
[Round "1.16"]
[White "Tumbasz, Peter"]
[Black "Nagy, Gyula"]
[Result "1-0"]
[WhiteElo "1625"]
[BlackElo "1316"]
[PlyCount "81"]
[EventDate "2018.12.27"]

1. d4 c5 2. d5 Nf6 3. Nc3 a6 4. e4 Qa5 5. Bd2 d6 6. Bd3 e6 7. Nf3 e5 8. O-O Bg4
9. h3 Bh5 10. a3 Nbd7 11. b4 Qc7 12. b5 c4 13. Be2 Nc5 14. Nh2 Bg6 15. f3 Be7
16. a4 Ncd7 17. Be3 a5 18. Ng4 Nh5 19. Kh2 b6 20. g3 h6 21. f4 f5 22. Nxe5 dxe5
23. Bxh5 O-O-O 24. Bxg6 Qd6 25. Bxf5 Kb7 26. Qd2 Nf8 27. fxe5 Qc7 28. d6 Qb8
29. Nd5 Bxd6 30. exd6 Qxd6 31. Bxb6 Qxb6 32. Qc3 Qd6 33. Rad1 Nh7 34. Qxa5 Ra8
35. Qc3 Nf6 36. Nxf6 Qxf6 37. e5 Qg5 38. Rd7+ Kb6 39. Rd6+ Ka7 40. Qa5+ Kb8 41.
Qb6# 1-0

[Event "VI. Berecz memorial B 2018"]
[Site "?"]
[Date "2018.12.27"]
[Round "1.17"]
[White "Hodi, Adam"]
[Black "Gerda, Emil"]
[Result "0-1"]
[WhiteElo "1137"]
[BlackElo "1623"]
[PlyCount "66"]
[EventDate "2018.12.27"]

1. e4 e6 2. d4 d5 3. exd5 exd5 4. Be3 Nf6 5. Be2 Bd6 6. Nd2 O-O 7. Ngf3 Re8 8.
O-O Ng4 9. Re1 Nxe3 10. fxe3 Rxe3 11. c4 Bb4 12. Nf1 Re8 13. N1d2 c6 14. c5 Nd7
15. a3 Ba5 16. b4 Bc7 17. Bd3 Nf6 18. b5 Rxe1+ 19. Qxe1 Qe8 20. a4 Bd7 21.
Qxe8+ Rxe8 22. Re1 Rxe1+ 23. Nxe1 Ba5 24. Nef3 b6 25. Nb3 Bc3 26. Ne5 bxc5 27.
bxc6 Bc8 28. Nxc5 Bxd4+ 29. Kf1 Bxc5 30. a5 Bd6 31. Nf3 Ne4 32. g3 Bc7 33. a6
Nc5 0-1

[Event "VI. Berecz memorial B 2018"]
[Site "?"]
[Date "2018.12.27"]
[Round "1.18"]
[White "Markus, Molli Amina"]
[Black "Szamko, Balint"]
[Result "1-0"]
[WhiteElo "1621"]
[BlackElo "1132"]
[PlyCount "75"]
[EventDate "2018.12.27"]

1. d4 d5 2. Nf3 Nf6 3. g3 g6 4. Bg2 Bg7 5. O-O O-O 6. c4 dxc4 7. Qc2 Ng4 8. h3
Nf6 9. Qxc4 Nd5 10. Rd1 Nb6 11. Qc2 Nc6 12. a3 Bxd4 13. e3 Bf5 14. Qe2 e5 15.
exd4 exd4 16. Bg5 f6 17. Bh6 Re8 18. Qd2 Nc4 19. Qc1 d3 20. Qxc4+ Be6 21. Qxd3
Qxd3 22. Rxd3 Bf5 23. Rd1 Red8 24. Nc3 Rxd1+ 25. Rxd1 Kf7 26. Bf4 Bc2 27. Rd2
Bf5 28. Nh4 Ke6 29. Nxf5 Kxf5 30. Bxc6 bxc6 31. Bxc7 Re8 32. g4+ Kg5 33. Kg2 f5
34. Kg3 Rc8 35. Bd8+ Kh6 36. Rd7 Rb8 37. g5+ Kh5 38. Rxh7# 1-0

[Event "VI. Berecz memorial B 2018"]
[Site "?"]
[Date "2018.12.27"]
[Round "1.19"]
[White "Bullas, Gabor"]
[Black "Jojart, Zsolt"]
[Result "0-1"]
[WhiteElo "1081"]
[BlackElo "1587"]
[PlyCount "42"]
[EventDate "2018.12.27"]

1. e4 e5 2. Nf3 Nc6 3. d4 exd4 4. Nxd4 Bc5 5. Be3 Qf6 6. c3 a6 7. Be2 Nge7 8.
O-O d6 9. Qd2 Qg6 10. Bf3 Ne5 11. Qe2 Bd7 12. Bh5 Qf6 13. f4 N5g6 14. g3 O-O-O
15. e5 dxe5 16. fxe5 Qxe5 17. Rxf7 Nd5 18. Rf3 Qxh5 19. Nd2 Ne5 20. Rf2 Bg4 21.
Qf1 Nxe3 0-1

[Event "VI. Berecz memorial B 2018"]
[Site "?"]
[Date "2018.12.27"]
[Round "1.20"]
[White "Lakatos, Alfred"]
[Black "Korosi, Zsombor"]
[Result "1/2-1/2"]
[WhiteElo "1581"]
[BlackElo "1072"]
[PlyCount "80"]
[EventDate "2018.12.27"]

1. Nf3 d5 2. d4 Nc6 3. Bf4 Bf5 4. c3 Nf6 5. h3 e6 6. Nbd2 h6 7. a4 Bd6 8. Ne5
Bxe5 9. dxe5 Nd7 10. g4 Be4 11. Nxe4 dxe4 12. Qc2 Ndxe5 13. Qxe4 Qf6 14. Bxe5
Qxe5 15. Bg2 Rb8 16. f4 Qxe4 17. Bxe4 O-O 18. Rd1 f5 19. gxf5 exf5 20. Bd5+ Kh7
21. Rg1 Rbd8 22. b4 Rf6 23. Kf2 Rfd6 24. Bb3 Rxd1 25. Rxd1 Rxd1 26. Bxd1 b6 27.
e3 g6 28. Kf3 Kg7 29. e4 Kf6 30. e5+ Ke6 31. Bb3+ Kd7 32. h4 h5 33. Bf7 Ne7 34.
c4 c5 35. bxc5 bxc5 36. a5 a6 37. Ke3 Kc6 38. Kd3 Kc7 39. Bd5 Kb8 40. Ke3 Kc7
1/2-1/2